000 00308nam a22001337a 4500
008 171019b xxu||||| |||| 00| 0 eng d
020 _a9780135539422
041 _aeng
080 _23RD
_a338
100 _a53
101 _aMEN
245 _aMANAGEMENT PRINCIPLES AND PRACTICES
_cHOLT,D.H
942 _2udc
_cBK
999 _c34943
_d34943